Barriers to Immunization - Future Disaster for Pakistan A Cross Sectional Study at District Dir Lower, KPK (Record no. 553975)
[ view plain ]
| 000 -LEADER | |
|---|---|
| fixed length control field | 00434nam a22001457a 4500 |
| 082 ## - DEWEY DECIMAL CLASSIFICATION NUMBER | |
| Classification number | T-216 |
| 100 ## - MAIN ENTRY--PERSONAL NAME | |
| Personal name | Noor Ul Amin |
| 9 (RLIN) | 34733 |
| 245 ## - TITLE STATEMENT | |
| Title | Barriers to Immunization - Future Disaster for Pakistan A Cross Sectional Study at District Dir Lower, KPK |
| 260 ## - PUBLICATION, DISTRIBUTION, ETC. | |
| Place of publication, distribution, etc. | Risalpur, |
| Name of publisher, distributor, etc. | MCE, |
| Date of publication, distribution, etc. | 2017. |
| 300 ## - PHYSICAL DESCRIPTION | |
| Extent | 54p, |
| Other physical details | ill. |
| 526 ## - STUDY PROGRAM INFORMATION NOTE | |
| Program name | 0 |
| Interest level | 0 |
| Reading level | 0 |
| Title point value | T_216 |
| 650 ## - SUBJECT ADDED ENTRY--TOPICAL TERM | |
| Topical term or geographic name entry element | MS DM-2 |
| 9 (RLIN) | 51241 |
| 700 ## - ADDED ENTRY--PERSONAL NAME | |
| Personal name | Dr Naeem Shahzad PhD |
| 9 (RLIN) | 51242 |
| 942 ## - ADDED ENTRY ELEMENTS (KOHA) | |
| Source of classification or shelving scheme | |
| Koha item type | Book |
| Withdrawn status | Lost status | Source of classification or shelving scheme | Damaged status | Not for loan | Permanent Location | Current Location | Date acquired | Total Checkouts | Full call number | Barcode | Date last seen | Price effective from | Koha item type |
|---|---|---|---|---|---|---|---|---|---|---|---|---|---|
| Military College of Engineering (MCE) | Military College of Engineering (MCE) | 09/20/2017 | T-216 | MCE-T-216 | 09/20/2017 | 09/20/2017 | Book |
